| 000 | 00711nam a2200205 i 4500 | ||
|---|---|---|---|
| 001 | 72895 | ||
| 003 | ES-MaACL | ||
| 005 | 20250806074130.0 | ||
| 007 | t| | ||
| 008 | 040903s1982 sp ||||1| spa d | ||
| 020 | _a84-600-2607-8 | ||
| 100 | 1 |
_aGoicoetxea Marcaida, Angel. _957616 |
|
| 245 | 1 | 4 |
_aLas enfermedades cutáneas en la medicina popular vasca / _cAngel Goicoetxea Marcaida. |
| 260 |
_aBilbao : _bEuskal Medikuntzaren Historia-Mintegia, _c1982. |
||
| 300 |
_a95 p. ; _c22 cm. |
||
| 490 | 1 |
_aCuadernos de historia de la medicina vasca. MonografĂas ; _v1 |
|
| 830 | 0 | 0 |
_aCuadernos de historia de la medicina vasca _v1 _9231136 |
| 852 |
_aES-MaACL _jL-10829 _bR.110869 |
||
| 999 |
_c72895 _d72895 |
||